| 000 | 01009nam a22002657a 4500 | ||
|---|---|---|---|
| 001 | BRCA_9403 | ||
| 003 | FranzMayer | ||
| 005 | 20230918125302.0 | ||
| 008 | 230904b |||||||| |||| 00| 0 eng d | ||
| 020 | _a9788495241894 | ||
| 040 |
_aMFM _bESPAÑOL _cMFM |
||
| 050 | 0 |
_aDP178 _bM85 2012 |
|
| 100 | 1 |
_4Autor _aMuller E, Priscilia _929560 |
|
| 240 |
_aJoyas en España _h1500-1800 _lEspañol |
||
| 245 |
_aJoyas en España _b1500-1800 |
||
| 260 |
_aEstados Unidos de America _bThe Hispanic Society of America _c2012 |
||
| 300 |
_a191 p _bIlustraciones a color _c32 cm |
||
| 500 | _aAnexo 1 | ||
| 500 | _aEl libro se encuentra en parta dura, con sobrecubierta | ||
| 505 | _aTexto en: españolTraducido del alemán Incluye índice temáticoIncluye bibliografíaDirigido a: joyeros, artesanos o artistas españoles | ||
| 650 | 1 |
_2Trabajo de plata _aExposiciones _vSiglo XVI-XIX _929561 |
|
| 651 | 2 |
_2Plata _aExposiciones _vEspaña _929562 |
|
| 700 | 1 |
_4Trad _aSchmid, Eduardo _929563 |
|
| 942 |
_2lcc _cB |
||
| 999 |
_c11025 _d11025 |
||